ISO 9000 : Quality system assessment handbook
| Main Author: | |
|---|---|
| Format: | Book |
| Published: |
Oxford, UK :
Butterworth-Heinemann ,
1996
|
| Subjects: |
MARC
| LEADER | 00000cam a2200000 7i4500 | ||
|---|---|---|---|
| 001 | 0000000358 | ||
| 005 | 20000804.0 | ||
| 020 | 0 | 0 | |a 0750625635 |
| 090 | 0 | 0 | |a 658.562 |b HOY 1996 |
| 100 | 1 | 0 | |a HOYLE |h David |
| 245 | 1 | 0 | |a ISO 9000 : |b Quality system assessment handbook |c David Hoyle |
| 260 | 0 | 0 | |a Oxford, UK : |b Butterworth-Heinemann , |c 1996 |
| 300 | |a xii, 348 p. ; |c 24 cm. | ||
| 500 | 0 | 0 | |a Includes index |
| 650 | 0 | 0 | |a Quality control |
| 650 | 0 | 0 | |a Quality control |x Standards |
| 650 | 0 | 0 | |a Total quality management |
| 999 | |a 0000001538 |b Monograph |c Open Shelf |e Default branch | ||